Conscience : (Record no. 9210)
[ view plain ]
| 000 -LEADER | |
|---|---|
| fixed length control field | 01907cam a2200421 i 4500 |
| 001 - CONTROL NUMBER | |
| control field | 18556127 |
| 003 - CONTROL NUMBER IDENTIFIER | |
| control field | GBCCL |
| 005 - DATE AND TIME OF LATEST TRANSACTION | |
| control field | 20241126110707.0 |
| 007 - PHYSICAL DESCRIPTION FIXED FIELD--GENERAL INFORMATION | |
| fixed length control field | cr_||||||||||| |
| 008 - FIXED-LENGTH DATA ELEMENTS--GENERAL INFORMATION | |
| fixed length control field | 150407s2015 ilu ob 001 0 eng |
| 010 ## - | |
| -- | 2015013812 |
| 020 ## - INTERNATIONAL STANDARD BOOK NUMBER | |
| International Standard Book Number | 9781433550751 (pdf) |
| 020 ## - INTERNATIONAL STANDARD BOOK NUMBER | |
| International Standard Book Number | 9781433550768 (mobi) |
| 020 ## - INTERNATIONAL STANDARD BOOK NUMBER | |
| International Standard Book Number | 9781433550775 ( epub) |
| 020 ## - INTERNATIONAL STANDARD BOOK NUMBER | |
| Canceled/invalid ISBN | 9781433550744 (tp) |
| 040 ## - CATALOGING SOURCE | |
| Original cataloging agency | DLC |
| Language of cataloging | eng |
| Transcribing agency | DLC |
| Description conventions | rda |
| Modifying agency | DLC |
| 042 ## - | |
| -- | pcc |
| 050 00 - | |
| -- | BJ1278.C66 |
| 082 00 - DEWEY DECIMAL CLASSIFICATION NUMBER | |
| Classification number | 241.1 |
| Edition information | 23 |
| Item number | NAS |
| 100 1# - MAIN ENTRY--PERSONAL NAME | |
| Personal name | Naselli, Andrew David, |
| Dates associated with a name | 1980- |
| 9 (RLIN) | 15822 |
| 245 10 - TITLE STATEMENT | |
| Title | Conscience : |
| Remainder of title | what it is, how to train it, and loving those who differ / |
| Statement of responsibility, etc. | Andrew David Naselli and J. D. Crowley ; foreword by D. A. Carson. |
| 250 ## - EDITION STATEMENT | |
| Edition statement | Indian edition |
| 264 #1 - PRODUCTION, PUBLICATION, DISTRIBUTION, MANUFACTURE, AND COPYRIGHT NOTICE | |
| Place of production, publication, distribution, manufacture | Wheaton, Illinois : |
| Name of producer, publisher, distributor, manufacturer | Crossway, |
| Date of production, publication, distribution, manufacture, or copyright notice | [2020] |
| 300 ## - PHYSICAL DESCRIPTION | |
| Extent | 1 online resource. |
| 336 ## - CONTENT TYPE | |
| Content type term | text |
| Content type code | txt |
| Source | rdacontent |
| 337 ## - MEDIA TYPE | |
| Media type term | computer |
| Media type code | c |
| Source | rdamedia |
| 338 ## - CARRIER TYPE | |
| Carrier type term | online resource |
| Carrier type code | cr |
| Source | rdacarrier |
| 504 ## - BIBLIOGRAPHY, ETC. NOTE | |
| Bibliography, etc. note | Includes bibliographical references and index. |
| 505 0# - FORMATTED CONTENTS NOTE | |
| Formatted contents note | What is conscience? -- How do we define conscience from the Bible? -- What should you do when your conscience condemns you? -- How should you calibrate your conscience? -- How should you relate to fellow Christians when your consciences disagree? -- How should you relate to people in other cultures when your consciences disagree? -- A closing prayer. |
| 588 ## - SOURCE OF DESCRIPTION NOTE | |
| Source of description note | Description based on print version record and CIP data provided by publisher. |
| 650 #0 - SUBJECT ADDED ENTRY--TOPICAL TERM | |
| Topical term or geographic name entry element | Conscience |
| General subdivision | Religious aspects |
| -- | Christianity. |
| 9 (RLIN) | 16020 |
| 650 #0 - SUBJECT ADDED ENTRY--TOPICAL TERM | |
| Topical term or geographic name entry element | Christian ethics. |
| 9 (RLIN) | 68 |
| 700 1# - ADDED ENTRY--PERSONAL NAME | |
| Personal name | Crowley, J. D. (James Dale), |
| Dates associated with a name | 1967- |
| 9 (RLIN) | 16021 |
| 776 08 - ADDITIONAL PHYSICAL FORM ENTRY | |
| Relationship information | Print version: |
| Main entry heading | Naselli, Andrew David, 1980- |
| Title | Conscience |
| Place, publisher, and date of publication | Wheaton, Illinois : Crossway, [2015] |
| International Standard Book Number | 9781433550744 |
| Record control number | (DLC) 2015013003 |
| 906 ## - LOCAL DATA ELEMENT F, LDF (RLIN) | |
| a | 7 |
| b | cbc |
| c | origcop |
| d | 1 |
| e | ecip |
| f | 20 |
| g | y-gencatlg |
| 942 ## - ADDED ENTRY ELEMENTS (KOHA) | |
| Source of classification or shelving scheme | Dewey Decimal Classification |
| Koha item type | Books |
| Koha issues (borrowed), all copies | 8 |
| Withdrawn status | Lost status | Source of classification or shelving scheme | Damaged status | Not for loan | Home library | Current Library | Shelving location | Date acquired | Total checkouts | Full call number | Barcode | Date last seen | Date last checked out | Copy number | Price effective from | Koha item type |
|---|---|---|---|---|---|---|---|---|---|---|---|---|---|---|---|---|
| Dewey Decimal Classification | GRACE BIBLE COLLEGE | GRACE BIBLE COLLEGE | Theology | 2022-06-03 | 1 | 241.1 NAS | 015629 | 2025-05-01 | 2022-08-05 | c.1 | 2022-06-03 | Books | ||||
| Dewey Decimal Classification | GRACE BIBLE COLLEGE | GRACE BIBLE COLLEGE | Theology | 2022-06-03 | 241.1 NAS | 015630 | 2025-05-01 | c.2 | 2022-06-03 | Books | ||||||
| Dewey Decimal Classification | GRACE BIBLE COLLEGE | GRACE BIBLE COLLEGE | Theology | 2022-06-03 | 3 | 241.1 NAS | 015631 | 2025-05-01 | 2024-09-10 | c.3 | 2022-06-03 | Books | ||||
| Dewey Decimal Classification | GRACE BIBLE COLLEGE | GRACE BIBLE COLLEGE | Theology | 2022-06-03 | 2 | 241.1 NAS | 015632 | 2025-05-01 | 2022-11-30 | c.4 | 2022-06-03 | Books | ||||
| Dewey Decimal Classification | GRACE BIBLE COLLEGE | GRACE BIBLE COLLEGE | Theology | 2022-06-03 | 1 | 241.1 NAS | 015633 | 2025-05-01 | 2022-07-28 | c.5 | 2022-06-03 | Books | ||||
| Dewey Decimal Classification | GRACE BIBLE COLLEGE | GRACE BIBLE COLLEGE | Theology | 2024-02-05 | 241.1 NAS | 016101 | 2025-05-01 | c.6 | 2024-02-05 | Books | ||||||
| Dewey Decimal Classification | GRACE BIBLE COLLEGE | GRACE BIBLE COLLEGE | Theology | 2024-02-05 | 1 | 241.1 NAS | 016102 | 2025-05-01 | 2024-08-08 | c.7 | 2024-02-05 | Books |